|
|
|
|
| LEADER |
00000cam a22000002c 4500 |
| 001 |
1090024150 |
| 003 |
DE-627 |
| 005 |
20220514122035.0 |
| 007 |
tu |
| 008 |
900323s1983 xx ||||| 00| ||fre c |
| 035 |
|
|
|a (DE-627)1090024150
|
| 035 |
|
|
|a (DE-576)020024150
|
| 035 |
|
|
|a (DE-599)BSZ020024150
|
| 035 |
|
|
|a (OCoLC)311102620
|
| 040 |
|
|
|a DE-627
|b ger
|c DE-627
|e rakwb
|
| 041 |
|
|
|a fre
|
| 100 |
1 |
|
|a Brillon, Yves
|4 aut
|
| 245 |
1 |
4 |
|a Les personnes agées, de Montréal, face au phénomène criminel
|b une analyse qualitative des attitudes et des représentations sociales
|c Marie-Christine Lamarche et Yves Brillon. Publ. par Centre International de Criminologie Comparée, Groupe de Recherche sur les Attitudes envers la Criminalité
|
| 264 |
|
1 |
|a Montréal
|b C.I.C.C., Univ.
|c 1983
|
| 300 |
|
|
|a 124 S.
|
| 336 |
|
|
|a Text
|b txt
|2 rdacontent
|
| 337 |
|
|
|a ohne Hilfsmittel zu benutzen
|b n
|2 rdamedia
|
| 338 |
|
|
|a Band
|b nc
|2 rdacarrier
|
| 583 |
1 |
|
|a Archivierung prüfen
|c 20200919
|f DE-640
|z 1
|2 pdager
|
| 700 |
1 |
|
|a Lamarche, Marie-Christine
|4 aut
|
| 710 |
2 |
|
|a Centre international de criminologie comparée
|0 (DE-588)1054160-3
|0 (DE-627)100289029
|0 (DE-576)191463469
|4 oth
|
| 951 |
|
|
|a BO
|
| ELC |
|
|
|b 1
|
| LOK |
|
|
|0 000 xxxxxcx a22 zn 4500
|
| LOK |
|
|
|0 001 2142558992
|
| LOK |
|
|
|0 003 DE-627
|
| LOK |
|
|
|0 004 1090024150
|
| LOK |
|
|
|0 005 20020606000000
|
| LOK |
|
|
|0 008 900323||||||||||||||||ger|||||||
|
| LOK |
|
|
|0 040
|a DE-21
|c DE-627
|d DE-21
|
| LOK |
|
|
|0 852
|a DE-21
|
| LOK |
|
|
|0 852 1
|c KB 6 E 704
|9 00
|
| LOK |
|
|
|0 935
|a krim
|
| LOK |
|
|
|0 936ln
|a k6.6
|
| LOK |
|
|
|0 939
|a 23-03-90
|b l01
|
| ORI |
|
|
|a SA-MARC-krimdoka001.raw
|
| SIG |
|
|
|a UB: KB 6 E 704
|